| 000 | 00759cam a22002413a 4500 | ||
|---|---|---|---|
| 001 | 31955 | ||
| 003 | PGUSA | ||
| 005 | 20140828083706.0 | ||
| 008 | 100412s2010||||xxu|||||s|||||000 | eng d | ||
| 040 |
_aPGUSA _beng |
||
| 042 | _adc | ||
| 050 | 4 | _aF106 | |
| 100 | 1 |
_aPorter, Peter A. _q(Peter Augustus), _d1853-1925 |
|
| 245 | 1 | 0 |
_aNiagara : _bAn Aboriginal Center of Trade _h[electronic resource] / _cPeter A. Porter |
| 260 |
_bProject Gutenberg, _c2010 |
||
| 506 | _aPublic domain in the USA. | ||
| 516 | _aElectronic text | ||
| 653 | _aNiagara Falls (N.Y. and Ont.) -- Commerce -- History | ||
| 653 | _aNiagara Falls (N.Y. and Ont.) -- History | ||
| 830 | 0 |
_aProject Gutenberg _v31955 |
|
| 856 | 4 | 0 | _uhttp://www.gutenberg.org/ebooks/31955 |
| 942 | _cEB | ||
| 999 |
_c261210 _d261210 |
||